人口の少ない町TOP100 (2000年) - Statistics

General Stats
  • This quiz has been taken 36 times
  • The average score is 23 of 102
Answer Stats
順位 都道府県 人口 (人) 町名 % Correct
3位 山梨県 1,740 早川町
91%
1位 長崎県 900 高島町
68%
2位 長崎県 1,035 伊王島町
55%
15位 京都府 2,056 笠置町
55%
12位 宮城県 2,034 七ヶ宿町
50%
4位 三重県 1,742 紀和町
45%
9位 沖縄県 1,852 与那国町
45%
21位 北海道 2,217 幌加内町
45%
32位 北海道 2,518 中頓別町
45%
29位 北海道 2,464 中川町
41%
16位 徳島県 2,124 上勝町
36%
33位 北海道 2,536 歌登町
36%
48位 北海道 2,787 生田原町
36%
69位 北海道 3,149 積丹町
36%
78位 岡山県 3,243 哲西町
36%
95位 長崎県 3,420 福島町
36%
14位 和歌山県 2,043 熊野川町
32%
40位 島根県 2,671 海士町
32%
44位 北海道 2,730 大成町
32%
53位 長崎県 2,868 鷹島町
32%
59位 広島県 2,956 豊町
32%
17位 北海道 2,149 丸瀬布町
27%
22位 広島県 2,223 下蒲刈町
27%
24位 北海道 2,306 日高町
27%
28位 高知県 2,432 池川町
27%
30位 福島県 2,474 三島町
27%
45位 広島県 2,741 蒲刈町
27%
50位 北海道 2,820 瀬棚町
27%
58位 新潟県 2,951 鹿瀬町
27%
77位 北海道 3,236 南富良野町
27%
89位 徳島県 3,360 鷲敷町
27%
93位 北海道 3,410 利尻町
27%
98位 広島県 3,431 内海町
27%
100位 島根県 3,442 赤来町
27%
5位 島根県 1,803 匹見町
23%
8位 岡山県 1,841 奥津町
23%
11位 北海道 1,926 朝日町
23%
27位 広島県 2.417 高野町
23%
38位 北海道 2,643 浦臼町
23%
64位 広島県 3,036 東野町
23%
67位 愛知県 3,111 稲武町
23%
73位 福島県 3,204 金山町
23%
76位 北海道 3,228 陸別町
23%
79位 広島県 3,244 油木町
23%
80位 広島県 3,261 甲奴町
23%
83位 広島県 3,272 戸河内町
23%
86位 高知県 3,315 田野町
23%
6位 岐阜県 1,811 兼山町
18%
13位 広島県 2,037 比和町
18%
18位 広島県 2,175 豊浜町
18%
23位 群馬県 2,269 万場町
18%
26位 徳島県 2,365 上那賀町
18%
35位 徳島県 2,602 海部町
18%
46位 広島県 2,744 木江町
18%
47位 岐阜県 2,774 上矢作町
18%
49位 愛媛県 2,813 瀬戸町
18%
51位 北海道 2,835 幌延町
18%
55位 広島県 2,892 福富町
18%
60位 広島県 2,958 芸北町
18%
63位 北海道 3,031 音別町
18%
65位 島根県 3,099 頓原町
18%
68位 京都府 3,112 伊根町
18%
72位 島根県 3,198 旭町
18%
81位 愛媛県 3,266 西海町
18%
92位 高知県 3,388 赤岡町
18%
96位 広島県 3,423 美土里町
18%
7位 山口県 1,828 美川町
14%
10位 広島県 1,897 総領町
14%
19位 広島県 2,193 宮島町
14%
20位 長崎県 2,197 玉之浦町
14%
25位 長崎県 2,309 崎戸町
14%
34位 北海道 2,562 北竜町
14%
36位 岡山県 2,629 神郷町
14%
39位 広島県 2,644 口和町
14%
41位 島根県 2,691 美都町
14%
42位 岡山県 2,709 有漢町
14%
54位 大分県 2,891 直入町
14%
57位 広島県 2,905 神石町
14%
70位 沖縄県 3,172 下地町
14%
71位 新潟県 3,184 松之山町
14%
82位 北海道 3,268 秩父別町
14%
88位 静岡県 3,354 本川根町
14%
97位 高知県 3,429 大正町
14%
31位 新潟県 2,502 高柳町
9%
37位 兵庫県 2,640 美方町
9%
43位 大分県 2,714 上浦町
9%
61位 鹿児島県 2,991 大浦町
9%
66位 岡山県 3,105 備中町
9%
84位 香川県 3,296 琴南町
9%
87位 長崎県 3,333 奈良尾町
9%
90位 徳島県 3,368 相生町
9%
92位 新潟県 3,388 名立町
9%
99位 岡山県 3,441 湯原町
9%
52位 北海道 2,843 喜茂別町
5%
56位 長崎県 2,897 峰町
5%
62位 熊本県 3,011 栖本町
5%
74位 愛媛県 3,211 肱川町
5%
75位 宮城県 3,218 鶯沢町
5%
85位 石川県 3,312 能登島町
5%
94位 鹿児島県 3,417 田代町
5%
91位 兵庫県 3,375 三日月町
0%
99位 大分県 3,431 朝地町
0%
No matching quizzes found
Score Distribution
Percent of People with Each Score
Percentile by Number Answered
Your Score History
You have not taken this quiz